Κατάλογος Βιβλιοθηκών Mediterranean College

Ιστορία της Μοντέρνας Ζωγραφικής / A Concise History of Modern Painting (Record no. 4239)

MARC details
000 -LEADER
fixed length control field 01912cam a22001934a 4500
005 - ΗΜΕΡΟΜΗΝΙΑ ΚΑΙ ΩΡΑ ΤΕΛΕΥΤΑΙΑΣ ΕΝΗΜΕΡΩΣΗΣ
Πεδίο ελέγχου 20250605164140.0
008 - FIXED-LENGTH DATA ELEMENTS--GENERAL INFORMATION
Πεδίο ελέγχου σταθερού μήκους 250528s ||||||||||||||||||||||||d
035 ## - SYSTEM CONTROL NUMBER
System control number 18942
040 ## - ΠΗΓΗ ΚΑΤΑΛΟΓΟΓΡΑΦΗΣΗΣ
Φορέας πρωτότυπης καταλογογράφησης MC Athens Campus Library
Γλώσσα καταλογογράφησης Ελληνικά, Μοντέρνα (1453-)
Modifying agency MC Athens Campus Library
Κανόνες περιγραφικής καταλογογράφησης AACR2
245 1# - ΤΙΤΛΟΣ ΚΑΙ ΔΗΛΩΣΗ ΥΠΕΥΘΥΝΟΤΗΤΑΣ
Τίτλος Ιστορία της Μοντέρνας Ζωγραφικής / A Concise History of Modern Painting
260 ## - PUBLICATION, DISTRIBUTION, ETC.
Name of publisher, distributor, etc. Υποδομή,
Date of publication, distribution, etc. 1978
300 ## - PHYSICAL DESCRIPTION
Extent 448
505 0# - FORMATTED CONTENTS NOTE
Formatted contents note Πρόλογος, Η Καταγωγή της Μοντέρνας Τέχνης, Η Τομή, Κυβισμός, Φουτουρισμός - Ντανταϊσμός - Σουρεαλισμός, Πικάσο - Καντίνσκυ - Κλέε, Καταγωγή και Εξέλιξη μίας Τέχνης Καθορισμένων Σχέσεων: Κονστρουκτιβισμός, Καταγωγή και Εξέλιξη μιάς Τέχνης Εσωτερικής Ανάγκης: Αφηρημένος Εξπρεσιονισμός, Μετά τον Αφηρημένο Εξπρεσιονισμό, Εικονογραγική Επισκόπηση, Σημειώσεις, Βιβλιογραφία, Ευρετήριο.
520 ## - SUMMARY, ETC.
Summary, etc. Πρόλογος, Η Καταγωγή της Μοντέρνας Τέχνης, Η Τομή, Κυβισμός, Φουτουρισμός - Ντανταϊσμός - Σουρεαλισμός, Πικάσο - Καντίνσκυ - Κλέε, Καταγωγή και Εξέλιξη μίας Τέχνης Καθορισμένων Σχέσεων: Κονστρουκτιβισμός, Καταγωγή και Εξέλιξη μιάς Τέχνης Εσωτερικής Ανάγκης: Αφηρημένος Εξπρεσιονισμός, Μετά τον Αφηρημένο Εξπρεσιονισμό, Εικονογραγική Επισκόπηση, Σημειώσεις, Βιβλιογραφία, Ευρετήριο.
700 1# - ΠΡΟΣΘΕΤΗ ΑΝΑΓΡΑΦΗ--ΦΥΣΙΚΟ ΠΡΟΣΩΠΟ
Personal name Read Herbert
9 (RLIN) 5227
942 ## - ADDED ENTRY ELEMENTS (KOHA)
Koha item type Books
Holdings
Τύπος τεκμηρίου Βιβλιοθήκη Τρέχουσα τοποθεσία Barcode Αριθμός εισαγωγής Ημερομηνία απόκτησης Ταξιθετικό σύμβολο Αριθμός αντιτύπου Κατάσταση απόσυρσης Κατάσταση χαμένου Κατάσταση κατεστραμμένου Μη δανεισμός Σύνολο δανεισμών Ημερομηνία τελευταίας εμφάνισης Η τιμή ισχύει από
Books MC Athens Campus Library MC Athens Campus Library 9780000042385 3876 05/06/2025 759.06 REA 1           05/06/2025 05/06/2025

MC Athens Campus Library
Πατησίων 94 & Κοδριγκτώνος 13, 104 34
Πελλήνης 8 & Πατησίων 107, 112 51
Τ: +30 210 8899600

MC Thessaloniki Campus Library
Ίωνος Δραγούμη 21, 54625 | Ίωνος Δραγούμη 15, 54625
Τ: +30 2310 287779 – Τ: +30 2314 440300